Απόψεις εκπαιδευτικών πρωτοβάθμιας για την επιμόρφωση στον Ν. Λέσβου
Saved in:
| Main Author: | |
|---|---|
| Corporate Author: | |
| Format: | Thesis Book |
| Language: | Greek |
| Published: |
2016.
|
| Subjects: | |
| Online Access: | http://hdl.handle.net/11610/17249 |
| Tags: |
Add Tag
No Tags, Be the first to tag this record!
|
MARC
| LEADER | 00000cam a2200000 a 4500 | ||
|---|---|---|---|
| 001 | 1/112162 | ||
| 008 | 161005s2016####gr | ||| |||| ||gre|| | ||
| 040 | |a GR-MyUa |b gre |c GR-MyUa |e AACR2 | ||
| 041 | 0 | |a gre | |
| 082 | 7 | |a 370.7 |2 (23) | |
| 100 | 1 | |a Καλέσογλου, Δήμητρα. | |
| 245 | 1 | 0 | |a Απόψεις εκπαιδευτικών πρωτοβάθμιας για την επιμόρφωση στον Ν. Λέσβου / |c Καλέσογλου Δήμητρα ; επιβλέπων καθηγητής: Γιαβρίμης Παναγιώτης. |
| 260 | |c 2016. | ||
| 300 | |a 119 σ. : |b πιν. ; |c 29 εκ. | ||
| 502 | |a Διατριβή (μεταπτυχιακή) - Πανεπιστήμιο Αιγαίου, Λέσβος, 2016. | ||
| 504 | |a Περιλαμβάνει βιβλιογραφία και παράρτημα. | ||
| 506 | 1 | |a Ηλεκτρονική διάθεση στο πλήρες κείμενο - περιορισμένης πρόσβασης ; |d Ελεύθερη διάθεση μόνο στα μέλη του Πανεπιστημίου Αιγαίου. | |
| 540 | |a Κλειδωμένη η δυνατότητα αντιγραφής (copy) από το ηλεκτρονικό κείμενο. | ||
| 650 | 0 | |a Elementary school teachers |x Attitudes. | |
| 650 | 0 | |a Teachers |x Training of |z Greece |z Lesbos (Nome) | |
| 650 | 0 | |a Teachers |x In-service training |z Greece |z Lesbos (Nome) | |
| 650 | 0 | |a Teachers |x Attitudes |x Case studies. | |
| 650 | 0 | |a Continuing education |z Greece |z Lesbos (Nome) | |
| 650 | 0 | |a Education |x Research. | |
| 700 | 1 | |a Γιαβρίμης, Παναγιώτης, |e dgs | |
| 710 | 2 | |a Πανεπιστήμιο Αιγαίου |b Σχολή Κοινωνικών Επιστημών |b Τμήμα Κοινωνιολογίας |b Μεταπτυχιακό Πρόγραμμα Σπουδών Έρευνα για την Τοπική Κοινωνική Ανάπτυξη και Συνοχή. | |
| 852 | |a INST |b LESVOS |c DIATR |e 20161005 |h 338 |p 005100057247 |q 005100057247 |t MTXE |y 23 | ||
| 856 | |u http://hdl.handle.net/11610/17249 | ||
| 924 | |a Καλέσογλου |b Δήμητρα |y Λέσβος |z 2016-04 | ||
| 970 | |a Πατσή |b Ανθίππη |z 05-10-2016 | ||